Academic writing in context: Implications and applications. Papers in honour of Tony Dudley-Evans

Na minha lista:
Detalhes bibliográficos
Autor principal: Hewings, Martin (Author)
Formato: Livro
Idioma:inglês
Publicado em: Londres Continuum 2006
Edição:1a. ed
Assuntos:
Tags: Adicionar Tag
Sem tags, seja o primeiro a adicionar uma tag!

MARC

LEADER 00000nam a2200000 a 4500
001 UCH5947
003 CL-VaPUC
008 091105e20060000UK |||||||||||||||||eng|d
020 |a 0826481310 
082 0 4 |a 808.042  |b HEW  |2 21 
100 |a Hewings, Martin  |e author  |9 616112 
245 1 0 |a Academic writing in context: Implications and applications. Papers in honour of Tony Dudley-Evans 
250 |a 1a. ed 
300 |a 250 p 
942 |c BK 
945 |d 20091105 00:00:00  |a dcastane 
260 |a Londres  |b Continuum  |c 2006 
650 0 |a Retórica   |9 266620 
650 7 |a LENGUAJE INGLES  |2 CL-VaPUC  |9 454942 
650 0 |a Estudio y enseñanza  |9 270395 
650 0 |a Escritos académicos  |9 542316 
583 |a last modification  |c 20091105 00:00:00  |k Rodrigo Vera 
999 |c 336941  |d 336939 
952 |0 0  |1 0  |4 0  |6 808_042000000000000_HEW_2006  |7 0  |8 A  |9 429011  |a FDOPOS  |b FDOPOS  |d 2019-11-22  |i 4613929  |o 808.042 HEW 2006  |p 4613929  |r 2025-01-22  |w 2019-11-22  |y BK  |k DLA 
952 |0 0  |1 0  |4 0  |6 808_042000000000000_HEW_2006  |7 0  |8 A  |9 429012  |a FDOPOS  |b FDOPOS  |d 2019-11-22  |i 4613937  |o 808.042 HEW 2006  |p 4613937  |r 2025-01-22  |w 2019-11-22  |y BK  |k DLA